Normal view
MARC view
- Precast concrete construction
Entry Topical Term
001 - CONTROL NUMBER
- control field: 42956
003 - CONTROL NUMBER IDENTIFIER
- control field: NUST
005 - DATE AND TIME OF LATEST TRANSACTION
- control field: 20210314132457.0
008 - FIXED-LENGTH DATA ELEMENTS
- fixed length control field: 210314|| aca||aabn | a|a d
040 ## - CATALOGING SOURCE
- Original cataloging agency: NUST
- Transcribing agency: NUST
150 ## - HEADING--TOPICAL TERM
- Topical term or geographic name entry element: Precast concrete construction
- General subdivision: Joints
670 ## - SOURCE DATA FOUND
- Source citation: Work cat.: (NUST): Clough, D. P. 42955, Design of connections for precast prestressed concrete buildings for the effects of earthquake /, c1986.
